| 000 | 00774nam a2200229Ii 4500 | ||
|---|---|---|---|
| 003 | JO-AjNU | ||
| 008 | 230605s9999||||xx |||||||||||||| ||und|| | ||
| 017 | _a1297/10/1996 | ||
| 020 | _a978-9957-07-642-9 | ||
| 040 |
_aJO-AjNU _bara _erda _cJO-AjNU |
||
| 041 | _aara | ||
| 050 | 1 | 4 | _aBF38 .A3264 2012 |
| 100 | 3 |
_aعدس،عبد الرحمن /م.مشارك توق،محي الدين, _eauthor _926134 |
|
| 245 | 0 | 0 | _aالمدخل الى علم النفس |
| 250 | _aط8 | ||
| 264 | 3 | 1 | _aعمان:دار الفكر ناشرون وموزعون ،2012 |
| 300 |
_a487ص _bمعاني المفردات من ص474-ص487 |
||
| 336 |
_atext _btxt _2rdacontent |
||
| 337 |
_aunmediated _bn _2rdamedia |
||
| 338 |
_avolume _bnc _2rdacarrier |
||
| 650 | 4 |
_aعلم النفس _926135 |
|
| 999 |
_aA9864 _c13432 _d13432 |
||